| 000 | 00405pab a2200157 454500 | ||
|---|---|---|---|
| 008 | 180718b2007 xxu||||| |||| 00| 0 eng d | ||
| 100 | _aLevy, Gilat | ||
| 245 | _aDecision making in committees: transparency, reputation, and voting rules | ||
| 260 | _c2007 | ||
| 300 | _ap.150-68. | ||
| 362 | _aMar | ||
| 650 | _aDecision making | ||
| 773 | _aAmerican Economic Review | ||
| 908 | _aN | ||
| 909 | _a74062 | ||
| 999 |
_c74062 _d74062 |
||